01034pab a2200145 454500008004000000100002000040245002000060260000900080300001400089362000800103520070600111650001500817700002100832773003500853180718b2002 xxu||||| |||| 00| 0 eng d aHesina, Alberto aCurrency unions c2002 ap.409-36. aMay aCommon currencies affect trading costs and, thereby, the amounts of trade, output, and consumption. From the perspective of monetary policy, the adoption of another country's currency trades off the benefits of commitment to price stability (if a committed anchor is selected) against the loss of an independent stabilization policy. We show that the type of country that has more to gain from giving up its own currency is a small open economy heavily trading with one particular large partner, with a history of high inflation and with a business cycle highly correlated with that of the potential "anchor". We also characterize the features of the optimal number of currency unions. - Reproduced. aCurrencies aBarro, Robert J. aQuarterly Journal of Economics